Balance, consolidación y desafíos en la relación entre progenitores e hijos/as afines / (Registro nro. 5860)
[ vista simple ]
| 000 -LEADER | |
|---|---|
| fixed length control field | 00905nab a22002177a 4500 |
| 003 - CONTROL NUMBER IDENTIFIER | |
| control field | OSt |
| 005 - DATE AND TIME OF LATEST TRANSACTION | |
| control field | 20260108224140.0 |
| 008 - FIXED-LENGTH DATA ELEMENTS--GENERAL INFORMATION | |
| fixed length control field | 190514b xxu||||| |||| 00| 0 spa d |
| 040 ## - CATALOGING SOURCE | |
| Transcribing agency | PJ |
| 100 ## - MAIN ENTRY--PERSONAL NAME | |
| 9 (RLIN) | 6749 |
| Personal name | Alemán, María del Carmen |
| 245 10 - TITLE STATEMENT | |
| Title | Balance, consolidación y desafíos en la relación entre progenitores e hijos/as afines / |
| Statement of responsibility, etc | María del Carmen Alemán, Cecilia Lopes. |
| 300 ## - PHYSICAL DESCRIPTION | |
| Extent | p. 216-231 |
| 505 ## - FORMATTED CONTENTS NOTE | |
| Formatted contents note | Sumario: I. Introducción.— II. La regulación del Cód. Civ. y Com.— III. Palabras finales |
| 505 ## - FORMATTED CONTENTS NOTE | |
| Title | Si te interesa el texto, comunicate a koha@justierradelfuego.gov.ar |
| 650 #0 - SUBJECT ADDED ENTRY--TOPICAL TERM | |
| 9 (RLIN) | 1497 |
| Topical term or geographic name as entry element | CODIGO CIVIL Y COMERCIAL |
| 650 #0 - SUBJECT ADDED ENTRY--TOPICAL TERM | |
| 9 (RLIN) | 967 |
| Topical term or geographic name as entry element | DERECHO DE FAMILIA |
| 650 #0 - SUBJECT ADDED ENTRY--TOPICAL TERM | |
| 9 (RLIN) | 4103 |
| Topical term or geographic name as entry element | PROGENITOR AFIN |
| 700 ## - ADDED ENTRY--PERSONAL NAME | |
| 9 (RLIN) | 6018 |
| Personal name | Lopes, Cecilia |
| Función | coautor |
| 773 0# - HOST ITEM ENTRY | |
| Host Biblionumber | 2844 |
| Host Itemnumber | 3222 |
| Place, publisher, and date of publication | Buenos Aires : AbeledoPerrot, 1989- |
| Title | Derecho de familia. N° 120 - Julio 2025 |
| International Standard Book Number | 18511201 |
| 942 ## - ADDED ENTRY ELEMENTS (KOHA) | |
| Source of classification or shelving scheme | |
| Koha item type | Analítica Artículo de Revista |
No hay ítems disponibles.
